Biblioteca y Centro de Documentación

Trayectorias educativas inacabadas (Registro nro. 46924)

Detalles MARC
000 -CABECERA
Longitud fija campo de control 01286naa a2200301 c 4500
001 - NÚMERO DE CONTROL
Número de control 46924
003 - IDENTIFICADOR DE NÚMERO DE CONTROL
Identificador del número de control ES-MaCES
005 - FECHA Y HORA DE LA ÚLTIMA TRANSACCIÓN
Fecha y hora de la última transacción 20220810113729.0
008 - CAMPO FIJO DE DESCRIPCIÓN FIJA--INFORMACIÓN GENERAL
Códigos de información de longitud fija   160107s2015 sp ||||| t||||||| ||spa d
040 ## - FUENTE DE CATALOGACIÓN
Centro catalogador de origen ES-MaCES
Lengua de catalogación spa
Centro transcriptor ES-MaCES
Centro modificado ES-MaCES
100 1# - ENCABEZAMIENTO PRINCIPAL--NOMBRE PERSONAL
Nombre de persona Belzunegui Eraso, Ángel
9 (RLIN) 7474
245 10 - MENCIÓN DE TÍTULO
Título Trayectorias educativas inacabadas
Resto del título : los problemas de los jóvenes con discapacidad para continuar estudios = Unfinished education : the problems disabled young people have to continue studying
Mención de responsabilidad, etc. Angel Belzunegui Eraso, Xavier Puig Andreu
500 ## - NOTA GENERAL
Nota general Resumen
650 #4 - ASIENTO SECUNDARIO DE MATERIA--TÉRMINO DE MATERIA
9 (RLIN) 29678
Término de materia o nombre geográfico como elemento inicial joven con discapacidad
650 #4 - ASIENTO SECUNDARIO DE MATERIA--TÉRMINO DE MATERIA
9 (RLIN) 28689
Término de materia o nombre geográfico como elemento inicial persona con discapacidad
650 #4 - ASIENTO SECUNDARIO DE MATERIA--TÉRMINO DE MATERIA
9 (RLIN) 27441
Término de materia o nombre geográfico como elemento inicial estudiante
650 #4 - ASIENTO SECUNDARIO DE MATERIA--TÉRMINO DE MATERIA
9 (RLIN) 27437
Término de materia o nombre geográfico como elemento inicial abandono de estudios
650 #4 - ASIENTO SECUNDARIO DE MATERIA--TÉRMINO DE MATERIA
9 (RLIN) 27448
Término de materia o nombre geográfico como elemento inicial nivel educativo
650 #4 - ASIENTO SECUNDARIO DE MATERIA--TÉRMINO DE MATERIA
9 (RLIN) 29278
Término de materia o nombre geográfico como elemento inicial preparación para una carrera
650 #4 - ASIENTO SECUNDARIO DE MATERIA--TÉRMINO DE MATERIA
9 (RLIN) 29672
Término de materia o nombre geográfico como elemento inicial discriminación contra personas con discapacidad
650 #4 - ASIENTO SECUNDARIO DE MATERIA--TÉRMINO DE MATERIA
9 (RLIN) 30629
Término de materia o nombre geográfico como elemento inicial exclusión social
650 #4 - ASIENTO SECUNDARIO DE MATERIA--TÉRMINO DE MATERIA
9 (RLIN) 28889
Término de materia o nombre geográfico como elemento inicial análisis estadístico
653 10 - TÉRMINO DE INDEXACIÓN--NO CONTROLADO
Término no controlado Asuntos Sociales
700 1# - ENCABEZAMIENTO SECUNDARIO--NOMBRE PERSONAL
9 (RLIN) 35006
Nombre de persona Puig Andreu, Xavier
773 0# - ENTRADA DE DOCUMENTO FUENTE
Itemnumber del ítem fuente 83631
Lugar, editor y fecha de publicación Madrid (Fuencarral, 127, 28010) Fundación Sistema
Otro identificador del documento 086533
Título Sistema
Número de control del registro relacionado (ES-MaCES)25730
Parte(s) relacionada(s) n. 240 (oct. 2015) {10278 R. 086533} ;p. 81-100
902 ## - CES. TIPO DE DOCUMENTO
Tipodoc (006$c Sirtex) ART Artículo de revista
942 ## - ELEMENTOS KOHA
Fuente de clasificaión o esquema Clasificación propia del CES
Koha [por defecto] tipo de item Artículos (1982-2017)
Parte de clasificación Asuntos Sociales

No hay ítems disponibles.

© CES, Consejo Económico y Social de España 2021